| 000 | 01002nam a22002055i 4500 | ||
|---|---|---|---|
| 001 | 159948 | ||
| 003 | ES-MaACL | ||
| 005 | 20230906211905.0 | ||
| 008 | 040915s1870 sp |||| | spa d | ||
| 080 | _a622 | ||
| 100 | 1 |
_aMonasterio y Correa, José de. _9130045 |
|
| 245 | 1 | 0 |
_aObservaciones sobre la venta de las minas de Riotinto autorizada por el art. 5º de la Ley de 23 de marzo de 1870 / _cpor... José de Monasterio y Correa. |
| 260 |
_aMadrid : _b[s.n.], _c1870 ( _fImp. de J.M. Lapuente) |
||
| 300 |
_a46 p. ; _c20 cm. |
||
| 530 | _aDisponible en formato digital. | ||
| 650 | 4 |
_aMinas de cobre- _zMinas de Riotinto. _9149170 |
|
| 852 | 4 |
_aES-MaACL _jT-115-F-4 _z- Enc. hol., falto de cub. original _z- Enc. en un vol. facticio |
|
| 852 | 4 |
_aES-MaACL _jT-1292-F-9 _z- Enc. hol., falto de cub. original _z- Enc. en un vol. facticio _z- Dedicatoria ms. del autor a Laureano Figuerola |
|
| 856 | 4 |
_uhttp://bdh-rd.bne.es/viewer.vm?id=0000072720&page=1 _zBiblioteca Digital Hispánica |
|
| 999 |
_c159948 _d159948 |
||